Information visualization : Beyond the horizon
This 2nd edition continues the unique and ambitious quest for setting information visualization and virtual environments in a unifying framework. Information Visualization: Beyond the Horizon pays special attention to the advances made over the last 5 years and potentially fruitful directions to pur...
Đã lưu trong:
| Príomhúdar: | |
|---|---|
| Formáid: | Leabhar |
| Teanga: | Undetermined |
| Foilsithe: |
London,New York
Springer
2006
|
| Ábhair: | |
| Clibeanna: |
Cuir Clib Leis
Gan Chlibeanna, Bí ar an gcéad duine leis an taifead seo a chlibeáil!
|
| Thư viện lưu trữ: | Trung tâm Học liệu Trường Đại học Cần Thơ |
|---|
| LEADER | 01127nam a2200217Ia 4500 | ||
|---|---|---|---|
| 001 | CTU_153603 | ||
| 008 | 210402s9999 xx 000 0 und d | ||
| 020 | |c 857972 | ||
| 082 | |a 006.6 | ||
| 082 | |b C518/2nd | ||
| 100 | |a Chen, Chaomei | ||
| 245 | 0 | |a Information visualization : | |
| 245 | 0 | |b Beyond the horizon | |
| 245 | 0 | |c Chaomei Chen | |
| 260 | |a London,New York | ||
| 260 | |b Springer | ||
| 260 | |c 2006 | ||
| 520 | |a This 2nd edition continues the unique and ambitious quest for setting information visualization and virtual environments in a unifying framework. Information Visualization: Beyond the Horizon pays special attention to the advances made over the last 5 years and potentially fruitful directions to pursue. It is particularly updated to meet the need for practitioners. The book is a valuable source for researchers and graduate students. This new edition is forwarded by Ben Shneiderman, University of Maryland | ||
| 650 | |a Information visualization,Virtual reality,Đồ họa vi tính,Hiện thực ảo | ||
| 904 | |i Nguyên | ||
| 980 | |a Trung tâm Học liệu Trường Đại học Cần Thơ | ||